000 00311nam a22001337a 4500
008 170220b xxu||||| |||| 00| 0 eng d
020 _a9780534925796
041 _aeng
080 _a61
100 _a4
101 _aSHM
245 _aSTRATEGIC MANAGEMENT OF HEALTH CARE ORGANIZATIONS
_cDUNCAN
942 _2udc
_cBK
999 _c5841
_d5841